Beckett

שמור ב:
מידע ביבליוגרפי
מחבר ראשי: Alvarez, A.
פורמט: ספר
שפה:Undetermined
יצא לאור: Londres, Inglaterra Fontana 1973
נושאים:
תגים: הוספת תג
אין תגיות, היה/י הראשונ/ה לתייג את הרשומה!

MARC

LEADER 00000nam a2200000Ia 4500
008 170316s9999 xx 000 0 und d
040 |a cru BVZT 
090 |a 840 A-3b 
100 |a Alvarez, A. 
245 |a Beckett 
260 |a Londres, Inglaterra 
260 |b Fontana 
260 |c 1973 
300 |a 144 páginas 
650 |a LITERATURA FRANCESA 
999 |c 7475  |d 7475 
942 |c 15 D  |h 840 A-3b  |2 z